000
00235nam a2200097Ia 4500
008
220204s9999 xx 000 0 und d
082
_a
338.45(540)
_b
PRO
245
0
_a
Profile of Indian industry
260
_a
New Delhi
_c
1972
942
_c
BK
999
_c
22185
_d
22185